| 000 | 00664nam a22001937a 4500 | ||
|---|---|---|---|
| 999 |
_c17247 _d17247 |
||
| 003 | AR-CdUCM | ||
| 008 | 190507b ||||| |||| 00| 0 spa d | ||
| 040 |
_aMUNICIPALIDAD PROVINCIAL DEL CUSCO _cBIBLIOTECA MUNICIPAL DEL CUSCO |
||
| 082 |
_a802.08 / _bD25 |
||
| 100 |
_aDarío, Rubén _92765 |
||
| 245 |
_aCantos de vida y esperanza : _blos cisnes y otros poemas / |
||
| 260 |
_aMéxico, D.F : _bNacional, _c1973. |
||
| 300 |
_a192 páginas ; _c18 cm. |
||
| 505 | _aContenido: Cantos de vida y esperanza -- Los cisnes -- Otros poemas. | ||
| 650 |
_aPoesías nicaragüenses _92766 |
||
| 650 |
_aSiglo XIX. _9971 |
||
| 942 |
_2ddc _cLIBROS |
||
| 945 |
_aacv _d2019-05-07 |
||